Renu ki nari srishti/ (Record no. 38060)

000 -LEADER
fixed length control field 00473nam a22001691a 4500
020 ## - INTERNATIONAL STANDARD BOOK NUMBER
International Standard Book Number 8171192002
082 ## - DEWEY DECIMAL CLASSIFICATION NUMBER
Classification number H300 9
Item number ALP/R
100 ## - MAIN ENTRY--PERSONAL NAME
Personal name Alpana Tiwari
9 (RLIN) 124197
245 ## - TITLE STATEMENT
Title Renu ki nari srishti/
Statement of responsibility, etc. by Alpana Tiwari
260 ## - PUBLICATION, DISTRIBUTION, ETC.
Place of publication, distribution, etc. New Delhi:
Name of publisher, distributor, etc. Radhakrishna,
Date of publication, distribution, etc. 1994.
300 ## - PHYSICAL DESCRIPTION
Extent 216p.
650 ## - SUBJECT ADDED ENTRY--TOPICAL TERM
Topical term or geographic name entry element Novel Phaneeswarnath Criticism
9 (RLIN) 124198
650 ## - SUBJECT ADDED ENTRY--TOPICAL TERM
Topical term or geographic name entry element Novel Hindi Criticism
9 (RLIN) 124199
650 ## - SUBJECT ADDED ENTRY--TOPICAL TERM
Topical term or geographic name entry element Literature Hindi
9 (RLIN) 124200
650 ## - SUBJECT ADDED ENTRY--TOPICAL TERM
Topical term or geographic name entry element Literature
9 (RLIN) 124201
942 ## - ADDED ENTRY ELEMENTS (KOHA)
Koha item type Book
Holdings
Withdrawn status Lost status Damaged status Not for loan Permanent Location Current Location Shelving location Date acquired Cost, normal purchase price Total Checkouts Full call number Barcode Date last seen Cost, replacement price Price effective from Koha item type
Write off     Not For Loan Sree Sankaracharya University of Sanskrit Sree Sankaracharya University of Sanskrit Stacks 08.01.2015 125.00   H300 9 ALP/R 005759 08.01.2015 0.00 08.01.2015 Book